Personnages de dessins animés en images - B - Statistiques

Statistiques générales
  • Ce quiz a été pris 1 525 fois
  • Le résultat moyen est 9 sur 16
Statistiques - réponses
Par images Réponse % Correct
Blanche-Neige
98%
Buzz l'éclair
98%
Bambi
97%
Belle
92%
Baloo
88%
Babouche
87%
Bernard et Bianca
74%
Bruno Madrigal
58%
Berlioz
44%
Baymax
40%
Bouh
39%
Bing Bong
33%
Bruce
24%
Bayonne
20%
Branch
19%
Buster Moon
13%
Aucun quiz correspondant
Distribution des résultats
% des personnes avec chaque résultat
Percentile par nombre de réponses
Votre historique - résultats
Vous n’avez pas pris ce quiz